[Event "Chinese Chess League Men 2019"]
[Site "Daqing"]
[Date "2019.06.25"]
[Round "7.7"]
[White "Zou, Chen"]
[Black "Xiu, Deshun"]
[Result "1/2-1/2"]
[WhiteElo "2415"]
[BlackElo "2538"]
[Annotator "TA"]
[PlyCount "107"]
[EventDate "2019.06.19"]
[EventType "team-tourn"]
[EventCountry "CHN"]
[SourceTitle "playchess.com"]
[Source "ChessBase"]
[SourceQuality "1"]

{[%evp 18,107,29,38,32,0,0,0,0,0,14,1,34,2,31,44,62,51,44,4,0,-33,0,0,0,7,0,6,0,-33,18,17,14,14,31,8,8,12,12,8,8,8,7,8,18,11,16,0,0,0,0,0,0,0,0,0,0,0,0,0,0,0,0,0,0,0,0,0,0,0,0,0,0,0,0,0,0,0,0,0,0,0,0,0,0,0,0,0,0,0,0,0]} 1. d4 Nf6 2. c4 e6 3. Nf3 d5 4. Nc3 Bb4 5. cxd5 exd5 6. Bg5 h6 7. Bh4 g5 8. Bg3 Ne4 9. Nd2 Nxg3 10. hxg3 c6 {D38: Queen's Gambit Declined: Ragozin Defence (4 Nf3 Bb4)} 11. e3 Be6 12. Bd3 Nd7 {[%cal Bb8d7,Bd7b6,Bb6c4][%mdl 32]} 13. a3 Bf8 14. Qc2 Nb6 $146 ({Predecessor:} 14... Bg7 15. b4 a5 16. O-O h5 17. Nb3 h4 18. gxh4 axb4 19. axb4 Rxh4 {1-0 (38) Kempinski,R (2615)-Warakomski,T (2468) Germany 2010}) 15. Nb3 Nc4 16. O-O-O b5 17. e4 Qb6 18. Rde1 {[#] Hoping for exd5.} O-O-O $1 19. f4 gxf4 20. gxf4 Kb8 21. f5 Bc8 22. g4 Rg8 23. Qh2+ Qc7 (23... Ka8 $15) 24. Qxc7+ $11 Kxc7 25. exd5 cxd5 26. Nxb5+ Kb6 {The position is equal.} 27. Nc3 {Nxd5+! is the strong threat.} Rxg4 28. Nxd5+ Rxd5 29. Re8 {[%mdl 64] [#] Double Attack} Nd6 30. Rxf8 Bxf5 31. Bxf5 Rxf5 32. Rh8 h5 33. R8xh5 ({Don't play} 33. R1xh5 Rf2 $15) (33. Kb1 {feels hotter.} Rg2 34. Rh6 Rff2 35. Ka1 Rxb2 36. Rxd6+ Kc7 37. Rf6) 33... Rxh5 34. Rxh5 {[%mdl 4096] Endgame KRN-KRN} Rg1+ 35. Kc2 Rg2+ 36. Kc3 Ne4+ 37. Kd3 Rxb2 38. Rh6+ Kb5 39. a4+ (39. Kxe4 {seems wilder.} Rxb3 40. Rh5+ Ka6 41. d5 Rxa3 42. d6) 39... Kxa4 {aiming for ...Nf2+.} 40. Kxe4 Kxb3 {KR-KR} 41. Ra6 Re2+ 42. Kd5 Re7 43. Kc5 f5 44. d5 Rf7 45. d6 f4 46. Kc6 {Strongly threatening d7.} Kc3 47. d7 Rxd7 $1 48. Kxd7 {Threatens to win with Ra4. KR-KPP} Kd3 49. Ke6 f3 50. Rxa7 f2 51. Ra1 Ke2 52. Ke5 f1=Q 53. Rxf1 Kxf1 54. Kd4 {Accuracy: White = 57%, Black = 76%.} 1/2-1/2

[Event "Chinese Chess League Men 2019"]
[Site "Daqing"]
[Date "2019.06.25"]
[Round "7.8"]
[White "Yuan, Qingyu"]
[Black "Lin, Yi"]
[Result "1/2-1/2"]
[WhiteElo "2355"]
[BlackElo "2396"]
[Annotator "NA"]
[PlyCount "42"]
[EventDate "2019.06.19"]
[EventType "team-tourn"]
[EventCountry "CHN"]
[SourceTitle "playchess.com"]
[Source "ChessBase"]
[SourceQuality "1"]
[TimeControl "5400+30"]

1. d4 {[%emt 0:00:06]} Nf6 {[%emt 0:00:00]} 2. c4 {[%emt 0:00:00]} g6 {[%emt 0:00:00]} 3. g3 {[%emt 0:00:30]} c6 {[%emt 0:00:04]} 4. Bg2 {[%emt 0:00:04]} d5 {[%emt 0:00:09]} 5. Qa4 {[%emt 0:00:19]} Nfd7 {[%emt 0:02:13]} 6. cxd5 {[%emt 0:00:38]} Nb6 {[%emt 0:00:05]} 7. Qd1 {[%emt 0:00:08]} cxd5 {[%emt 0:00:06]} 8. Nc3 {[%emt 0:00:12]} Nc6 {[%emt 0:00:21]} 9. e3 {[%emt 0:00:14]} Bf5 {[%emt 0:00:17]} 10. Nh3 {[%emt 0:01:20]} Bxh3 {[%emt 0:12:09]} 11. Bxh3 {[%emt 0:01:03]} Bg7 {[%emt 0:00:11]} 12. b3 {[%emt 0:07:52]} O-O {[%emt 0:01:03]} 13. O-O {[%emt 0:00:29]} e6 {[%emt 0:03:16]} 14. Ba3 {[%emt 0:03:52]} Re8 {[%emt 0:04:54]} 15. Rc1 {[%emt 0:00:50]} Nd7 {[%emt 0:11:49]} 16. Na4 {[%emt 0:13:27]} Qa5 {[%emt 0:05:33]} 17. Bb2 {[%emt 0:09:32]} Rac8 {[%emt 0:02:49]} 18. Bc3 {[%emt 0:04:02]} Qc7 {[%emt 0:05:06]} 19. Bb2 {[%emt 0:01:40]} Qa5 {[%emt 0:00:06]} 20. Bc3 {[%emt 0:00:01]} Qc7 {[%emt 0:00:04]} 21. Bb2 {[%emt 0:00:04]} Qa5 {[%emt 0:00:03]} 1/2-1/2

[Event "Chinese Chess League Men 2019"]
[Site "Daqing"]
[Date "2019.06.25"]
[Round "7.9"]
[White "Bu, Xiangzhi"]
[Black "Wei, Yi"]
[Result "1/2-1/2"]
[WhiteElo "2729"]
[BlackElo "2741"]
[Annotator "TA"]
[PlyCount "61"]
[EventDate "2019.06.19"]
[EventType "team-tourn"]
[EventCountry "CHN"]
[SourceTitle "playchess.com"]
[Source "ChessBase"]
[SourceQuality "1"]

{[%evp 14,61,27,17,20,18,34,36,29,35,27,30,37,32,29,26,30,25,35,25,30,17,15,14,12,-6,0,0,0,0,0,-3,5,9,10,0,0,0,0,0,0,0,7,5,7,0,0,0,0,0]} 1. Nf3 Nf6 2. c4 e6 3. Nc3 d5 4. d4 Bb4 5. Bg5 h6 6. Bxf6 Qxf6 7. Qa4+ Nc6 8. e3 O-O {D38: Queen's Gambit Declined: Ragozin Defence (4 Nf3 Bb4)} 9. Be2 Bd7 {[#] ...Nxd4 is the strong threat.} 10. Qb3 dxc4 {White is slightly better.} 11. Qxc4 Bd6 12. O-O Qg6 13. Rfd1 Na5 14. Qd3 Qxd3 15. Bxd3 {[#]} Nc6 $146 ({Predecessor:} 15... Rfd8 16. Rac1 {½-½ (39) Fressinet,L (2720)-Bacrot,E (2695) Grosseto Prugna 2015}) 16. Rac1 Rfd8 17. Ne4 Nb4 {The position is equal.} 18. Bb1 Ba4 19. b3 Bc6 20. Nxd6 cxd6 21. Nd2 Rac8 22. Rc4 a5 23. Rdc1 Nd5 24. Be4 Nb6 25. R4c2 {[%cal Re4c6]} Bxe4 26. Nxe4 Rxc2 27. Rxc2 Rc8 28. Rxc8+ Nxc8 $11 {KN-KN} 29. Kf1 d5 30. Nc3 b6 31. Ke2 {Accuracy: White = 71%, Black = 72%.} 1/2-1/2

[Event "Chinese Chess League Men 2019"]
[Site "Daqing"]
[Date "2019.06.25"]
[Round "7.10"]
[White "Lin, Chen"]
[Black "Zhao, Jun"]
[Result "1/2-1/2"]
[WhiteElo "2497"]
[BlackElo "2625"]
[Annotator "TA"]
[PlyCount "60"]
[EventDate "2019.06.19"]
[EventType "team-tourn"]
[EventCountry "CHN"]
[SourceTitle "playchess.com"]
[Source "ChessBase"]
[SourceQuality "1"]

{[%evp 19,60,21,25,23,22,22,25,18,29,20,24,12,42,20,25,23,22,12,50,55,52,38,41,36,37,0,0,0,0,0,0,0,0,0,33,21,36,21,32,31,32,0,37]} 1. e4 c6 2. d4 d5 3. exd5 cxd5 4. Bd3 Nc6 5. c3 Nf6 6. Bf4 Bg4 7. Qb3 Qd7 8. Nd2 e6 9. Ngf3 Bd6 10. Bxd6 Qxd6 11. O-O {B13: Caro-Kann: Exchange Variation and Panov-Botvinnik Attack} O-O 12. Rfe1 (12. Rae1 Bxf3 13. Nxf3 Rab8 14. Ne5 Qc7 15. f4 b5 16. a3 a5 17. Qc2 Rfc8 18. Qf2 b4 19. axb4 axb4 20. f5 bxc3 21. bxc3 {½-½ (30) Aravindh,C (2599)-Andreikin,D (2725) Astana 2019}) 12... Rab8 13. Ne5 {White has an edge.} Bh5 14. a4 Rfc8 15. Re3 a6 $146 ({Predecessor:} 15... Bg6 16. Bxg6 hxg6 17. Rae1 Ne7 18. Rh3 Qb6 19. Qa3 Rc7 20. a5 Qa6 21. Nb3 b6 22. Nxf7 Kxf7 23. Qd6 Qc8 {0-1 (23) Beltugov,E (2210)-Ovetchkin,R (2475) Pskov 1998}) 16. Qb6 Bg6 17. Bxg6 hxg6 18. a5 Qc7 (18... Qe7 {is interesting.} 19. f4 Nxe5 20. fxe5 Ng4 21. Rg3 Nh6) 19. Qxc7 Rxc7 20. Nxc6 Rxc6 21. Nf3 Nd7 22. Ne5 Nxe5 23. Rxe5 $11 {[%mdl 4096] Endgame KRR-KRR} f6 24. Re2 g5 25. Kf1 Kf7 26. h3 Rbc8 27. Ke1 R8c7 28. Kd2 Rc8 29. Kd3 R8c7 30. Kd2 Rc8 {Accuracy: White = 58%, Black = 49%.} 1/2-1/2

[Event "Chinese Chess League Men 2019"]
[Site "Daqing"]
[Date "2019.06.25"]
[Round "7.11"]
[White "Wen, Yang"]
[Black "Yu, Ruiyuan"]
[Result "1-0"]
[WhiteElo "2588"]
[BlackElo "2471"]
[Annotator "TA"]
[PlyCount "102"]
[EventDate "2019.06.19"]
[EventType "team-tourn"]
[EventCountry "CHN"]
[SourceTitle "playchess.com"]
[Source "ChessBase"]
[SourceQuality "1"]

{[%evp 12,102,13,7,32,39,41,43,38,34,35,35,43,41,34,42,43,13,13,13,13,13,13,18,30,0,0,0,0,0,0,0,0,0,0,0,0,0,34,0,0,0,36,41,38,31,38,45,44,56,50,55,77,70,81,85,93,93,86,53,54,0,66,75,74,74,74,14,74,74,90,71,11,0,143,133,204,143,143,125,347,216,294,291,1387,1192,1484,1372,1310,961,1303,1059,554]} 1. e4 c5 2. Nf3 e6 3. d4 cxd4 4. Nxd4 Nf6 5. Nc3 Nc6 6. g3 d5 7. Bg2 dxe4 {B45: Sicilian Four Knights} (7... Bc5 {is more complex.} 8. Nb3 Bb4 9. O-O Bxc3 10. exd5 exd5 11. bxc3 O-O) 8. Nxc6 {[%csl Gc6][%cal Rd1d8]} Qxd1+ 9. Kxd1 bxc6 {White is slightly better.} 10. Nxe4 Bb7 $146 ({Predecessor:} 10... Nxe4 11. Bxe4 Bb7 12. Be3 O-O-O+ 13. Ke2 c5 14. Bxb7+ Kxb7 15. Rhd1 {1-0 (48) Mista,A (2589)-Krassowizkij,J (2429) Germany 2016}) 11. Nxf6+ gxf6 12. b3 O-O-O+ 13. Ke2 Bb4 14. c4 Bc3 15. Rb1 $1 c5 16. Bxb7+ Kxb7 17. Be3 Kc6 18. Rhd1 f5 19. Rd3 Rxd3 20. Kxd3 $11 {[%mdl 4096] Endgame KRB-KRB} Bf6 21. b4 Rd8+ 22. Ke2 cxb4 23. Rxb4 Bd4 24. Ra4 Kb7 25. Rb4+ Kc6 26. Ra4 Kb7 27. c5 Bxe3 28. Kxe3 $14 {KR-KR} Rd7 29. Rh4 Kc6 30. Rxh7 Kxc5 31. Rh4 f6 32. Ra4 Rh7 33. h4 Kd5 34. Ra6 Rc7 35. Kd3 Rh7 36. Ke3 Rc7 $1 37. Kf3 Ke5 38. Kg2 Re7 39. f3 (39. Ra3 $16) 39... Kd4 (39... Rc7 $11) 40. g4 $16 Ke3 41. Ra3+ $1 Ke2 42. gxf5 e5 {[#]} (42... Rg7+ $1 $11 43. Kh3 exf5) 43. Ra4 $1 Ke3 (43... Rh7 $16 44. Kg3 Rh8 45. Re4+ Kd3) 44. Re4+ Kd3 45. Kg3 Rb7 $2 (45... Rh7 $16 46. Rg4 Rf7) 46. Ra4 Ke3 47. h5 Rb1 $2 {[#]} (47... Rg7+ 48. Rg4 Rh7) 48. Re4+ $1 $18 {White is clearly winning.} Kd3 49. h6 Rg1+ 50. Kh2 Rg8 51. h7 Rh8 {Accuracy: White = 66%, Black = 48%.} 1-0

[Event "Chinese Chess League Men 2019"]
[Site "Daqing"]
[Date "2019.06.25"]
[Round "7.12"]
[White "Chen, Qi b"]
[Black "Huang, Renjie"]
[Result "1/2-1/2"]
[WhiteElo "2453"]
[BlackElo "2327"]
[Annotator "TA"]
[PlyCount "60"]
[EventDate "2019.06.19"]
[EventType "team-tourn"]
[EventCountry "CHN"]
[SourceTitle "playchess.com"]
[Source "ChessBase"]
[SourceQuality "1"]

{[%evp 12,60,29,17,17,20,31,19,24,17,37,16,16,12,37,11,1,5,0,0,0,0,0,0,0,0,0,0,0,-18,0,0,0,0,0,0,0,0,0,0,0,-15,-16,-22,0,0,0,-8,0,0,0]} 1. e4 c5 2. Nf3 Nc6 3. Bb5 g6 4. Bxc6 dxc6 5. d3 Bg7 6. h3 Nf6 7. Nc3 O-O {B31: Sicilian: 2...Nc6 3 Bb5 g6} (7... Nd7 8. Be3 e5 9. Qd2 h6 10. a3 b6 11. b4 Nf8 12. bxc5 Ne6 13. cxb6 axb6 14. Qc1 f5 15. a4 f4 16. Bd2 O-O 17. Qb2 {0-1 (51) Meier,G (2628)-Caruana,F (2819) Karlsruhe/Baden Baden 2019}) 8. Bf4 Nd7 9. e5 Nb6 10. Qd2 Nd5 11. Bh6 Nxc3 12. bxc3 $146 ({Predecessor:} 12. Bxg7 Kxg7 13. Qxc3 Qd5 14. a4 Be6 15. b3 {½-½ (48) Mladenov,S (2405)-Korotkjevich,S (2352) Germany 2013}) 12... Be6 13. Bxg7 Kxg7 {The position is equal.} 14. O-O Bd5 15. Qe3 Qa5 16. c4 Bxf3 $1 17. Qxf3 Qc3 18. Qe2 b5 19. Rab1 bxc4 20. dxc4 Rab8 21. Rb3 Rxb3 22. axb3 $11 {[%mdl 4096] Endgame KQR-KQR} Rd8 23. Qe4 e6 24. Qxc6 Qxe5 25. Qa4 Rd2 26. Qxa7 Rxc2 27. Qa1 Qxa1 28. Rxa1 Rb2 29. Ra5 Rxb3 30. Rxc5 Rc3 {Accuracy: White = 63%, Black = 62%.} 1/2-1/2

[Event "Chinese Chess League Men 2019"]
[Site "Daqing"]
[Date "2019.06.26"]
[Round "8.1"]
[White "Yu, Yangyi"]
[Black "Bao, Qilin"]
[Result "1-0"]
[WhiteElo "2738"]
[BlackElo "2412"]
[Annotator "TA"]
[PlyCount "71"]
[EventDate "2019.06.19"]
[EventType "team-tourn"]
[EventCountry "CHN"]
[SourceTitle "playchess.com"]
[Source "ChessBase"]
[SourceQuality "1"]

{[%evp 19,71,14,38,37,33,29,56,67,46,55,80,83,75,58,112,100,104,97,103,100,100,97,91,95,116,121,124,122,135,125,129,123,138,138,142,144,144,141,147,142,360,368,372,365,548,548,541,539,520,429,605,587,2967,2431]} 1. d4 Nf6 2. c4 e6 3. Nc3 Bb4 4. e3 b6 5. Nge2 Ba6 6. a3 Bxc3+ 7. Nxc3 d5 8. b3 O-O 9. Be2 Nc6 10. a4 dxc4 11. Ba3 {E45: Nimzo-Indian: Rubinstein: 4...b6 5 Ne2 Ba6} Re8 12. bxc4 e5 {[%cal Re5d4]} 13. d5 {White is slightly better.} Na5 14. Nb5 {[#]} Ne4 $146 ({Predecessor:} 14... Bxb5 15. axb5 Nb7 16. Bb4 Nd7 17. Ra3 Nbc5 18. Qa1 a5 19. bxa6 {1-0 (39) Avrukh,B (2588)-Barsov,A (2539) Antwerp 1999}) 15. Qc2 Nc5 16. Rd1 Bxb5 ({Better is} 16... Qe7 $14) 17. cxb5 $16 ({Don't do} 17. axb5 Nab7 $11) 17... Nab7 18. O-O e4 19. a5 Nxa5 20. Bxc5 bxc5 21. Qxc5 Nb7 22. Qc6 Nd6 {[#]} 23. Ra1 $1 Nf5 24. Rfc1 Re7 25. Qc5 Nd6 26. Rxa7 Rxa7 27. Qxa7 h6 28. h3 Kh7 29. Rc6 Qd7 $2 {[#]} (29... Rd7 $16 30. Qd4 f5) 30. Qc5 $18 Nb7 31. Qb4 g6 (31... h5 {was called for.} 32. b6 cxb6 33. Rxb6 Nd8) 32. b6 {White is clearly winning.} cxb6 33. Rxb6 Nd8 34. Rb8 Re5 (34... Qc7 $142 35. Ra8 (35. Qb2 Rd7 $16) 35... Re8) 35. Bc4 Kg7 36. Qb6 {Accuracy: White = 87%, Black = 40%.} 1-0

[Event "Chinese Chess League Men 2019"]
[Site "Daqing"]
[Date "2019.06.26"]
[Round "8.2"]
[White "Wu, Xibin"]
[Black "Li, Chao b"]
[Result "0-1"]
[WhiteElo "2203"]
[BlackElo "2698"]
[Annotator "TA"]
[PlyCount "76"]
[EventDate "2019.06.19"]
[EventType "team-tourn"]
[EventCountry "CHN"]
[SourceTitle "playchess.com"]
[Source "ChessBase"]
[SourceQuality "1"]

{[%evp 16,76,17,0,1,0,5,7,10,0,0,-7,0,0,0,-14,0,-7,-9,-36,-23,-45,-34,-46,-7,-27,0,-18,0,-16,-17,-16,-16,-28,-24,-31,-23,-68,-21,-30,0,0,0,0,8,-75,-86,-83,-79,-85,-76,-131,-131,-133,-120,-655,-609,-29987,-29988,-29988,-29989,-29989,-29990]} 1. e4 c6 2. d4 d5 3. Nd2 dxe4 4. Nxe4 Nf6 5. Nxf6+ exf6 6. Nf3 Bd6 7. Be2 O-O 8. O-O Re8 9. Re1 (9. c4 {feels hotter.} Bf5 10. Re1 Nd7 11. a3 Bc7 12. Be3) 9... Nd7 {[%cal Bb8d7,Bd7f8,Bf8e6][%mdl 32] B15: Caro-Kann: 3 Nc3: 3...g6 and 3...dxe4 4 Nxe4 Nf6 5 Nxf6+ exf6} 10. Bf1 Rxe1 11. Nxe1 $146 ({Predecessor:} 11. Qxe1 Nf8 12. Qe4 Be6 13. c4 Qd7 14. Bd2 Bf5 15. Qe3 Ne6 16. g3 Bg4 17. Bg2 {0-1 (39) Seils,J (2372)-Hansen,L (2565) Germany 2006}) 11... Nf8 {The position is equal.} 12. Nd3 Bf5 13. Be3 Qd7 14. Qd2 h5 15. Bf4 Be7 16. Re1 Ne6 17. c3 Rd8 18. Rd1 h4 19. Be3 Qc7 (19... h3 $5) 20. Qe2 g5 21. Nc5 Ng7 22. h3 Bg6 23. Re1 Re8 24. Qd2 b6 25. Nd3 Bd6 26. Be2 Be4 27. Qd1 Qe7 28. Bf3 {Threatens to win with Bxe4.} f5 29. Ne5 Bxe5 30. dxe5 {[#]} (30. Bxe4 $11 fxe4 31. dxe5) 30... Bxf3 $1 $17 ({Of course not} 30... Qxe5 $6 31. Bxe4 Qxe4 32. Bd2 $14) 31. Qxf3 {[#]} f4 $1 $36 {[%cal Rf4e3][%mdl 2048] Black is in control.} 32. Bc1 Qc5 33. Qe4 {[#]} (33. b4 $142 Qb5 34. Kh2) 33... f6 $1 {[%cal Re8e5][%mdl 512]} 34. Rd1 (34. exf6 Rxe4) 34... Rxe5 ({Resist} 34... Qxe5 35. Qxc6 Kf7 36. Rd7+ Re7 37. Rxe7+ Kxe7 38. Kf1 $11) 35. Rd8+ $2 {[%mdl 8192]} (35. Qg6 $17 Qe7 36. Kf1) 35... Kf7 $19 36. Qh7 {And now Rg8 would win.} Re1+ {[%mdl 64] Double Attack. Black mates.} 37. Kh2 Qxf2 {[%csl Gf4,Gh4][%cal Rf2g3]} 38. Rd7+ {[#]} Ke8 $1 {Accuracy: White = 24%, Black = 71%.} 0-1

[Event "Chinese Chess League Men 2019"]
[Site "Daqing"]
[Date "2019.06.26"]
[Round "8.3"]
[White "Xiu, Deshun"]
[Black "Qu, Yanqiao"]
[Result "1-0"]
[WhiteElo "2538"]
[BlackElo "2140"]
[Annotator "RC"]
[PlyCount "89"]
[EventDate "2019.06.19"]
[EventType "team-tourn"]
[EventCountry "CHN"]
[SourceTitle "playchess.com"]
[Source "ChessBase"]
[SourceQuality "1"]
[TimeControl "5400+30"]

1. d4 {[%emt 0:00:00]} d5 {[%emt 0:00:27]} 2. c4 {[%emt 0:00:00]} e6 {[%emt 0:00:35]} 3. Nf3 {[%emt 0:00:14]} Nf6 {[%emt 0:01:26]} 4. g3 {[%emt 0:00:16]} Be7 {[%emt 0:00:06]} 5. Bg2 {[%emt 0:00:07]} O-O {[%emt 0:00:11]} 6. O-O {[%emt 0:00:47]} dxc4 {[%emt 0:00:04]} 7. Ne5 {[%emt 0:00:15]} Nc6 {[%emt 0:02:22]} 8. Bxc6 {[%emt 0:03:38]} bxc6 {[%emt 0:01:00]} 9. Nxc6 {[%emt 0:00:07]} Qe8 {[%emt 0:00:07]} 10. Nxe7+ {[%emt 0:00:07]} Qxe7 {[%emt 0:00:07]} 11. Qc2 {[%emt 0:00:07]} e5 {[%emt 0:06:08]} 12. Rd1 {[%emt 0:01:09]} exd4 {[%emt 0:12:05]} 13. Rxd4 {[%emt 0:00:40]} Be6 {[%emt 0:07:13]} 14. Nc3 {[%emt 0:14:53]} Rfd8 {[%emt 0:01:37]} 15. Rxd8+ {[%emt 0:00:36]} Rxd8 {[%emt 0:00:04]} 16. Bg5 {[%emt 0:00:16]} h6 {[%emt 0:01:31]} 17. Bxf6 {[%emt 0:00:15]} Qxf6 {[%emt 0:00:02]} 18. Rd1 {[%emt 0:00:22]} Rb8 {[%emt 0:12:19]} 19. Rd2 {[%emt 0:07:09]} Qe5 {[%emt 0:06:11]} 20. Qe4 {[%emt 0:03:47]} Qc5 {[%emt 0:05:31]} 21. h4 {[%emt 0:04:38]} a6 {[%emt 0:10:12]} 22. Kg2 {[%emt 0:04:41]} Re8 {[%emt 0:02:37]} 23. Qd4 {[%emt 0:03:37]} Qf5 {[%emt 0:02:02]} 24. Kg1 {[%emt 0:00:22]} f6 {[%emt 0:05:50]} 25. Qa7 {[%emt 0:07:22]} Qa5 {[%emt 0:00:55]} 26. Qb7 {[%emt 0:00:05]} Kf7 {[%emt 0:08:37]} 27. Rd6 {[%emt 0:07:53]} Bc8 {[%emt 0:06:54]} 28. Qd5+ {[%emt 0:01:40]} Qxd5 {[%emt 0:00:01]} 29. Rxd5 {[%emt 0:00:02]} Be6 {[%emt 0:02:32]} 30. Rc5 {[%emt 0:01:45]} Rb8 {[%emt 0:00:49]} 31. Rxc7+ {[%emt 0:00:08]} Kf8 {[%emt 0:00:23]} 32. Rc6 {[%emt 0:01:51]} Ke7 {[%emt 0:00:32]} 33. Na4 {[%emt 0:05:36]} Bd7 {[%emt 0:03:45]} 34. Rxc4 {[%emt 0:00:45]} Bxa4 {[%emt 0:00:29]} 35. Rxa4 {[%emt 0:00:07]} Rxb2 {[%emt 0:00:03]} 36. e4 {[%emt 0:02:38]} Rb6 {[%emt 0:00:12]} 37. Ra5 {[%emt 0:00:09]} g6 {[%emt 0:00:42]} 38. h5 {[%emt 0:01:58]} Kf7 {[%emt 0:00:30]} 39. hxg6+ Kxg6 {[%emt 0:00:01]} 40. g4 {[%emt 0:02:53]} Rb4 {[%emt 0:01:01]} 41. f3 {[%emt 0:00:52]} Rb2 {[%emt 0:00:27]} 42. Kf1 {[%emt 0:00:07]} Rc2 {[%emt 0:00:19]} 43. Rxa6 {[%emt 0:01:10]} Kg5 {[%emt 0:00:02]} 44. a4 {[%emt 0:01:17]} Ra2 {[%emt 0:00:41]} 45. a5 {[%emt 0:00:09]} 1-0

[Event "Chinese Chess League Men 2019"]
[Site "Daqing"]
[Date "2019.06.26"]
[Round "8.4"]
[White "Hou, Yifan b"]
[Black "Yuan, Qingyu"]
[Result "1/2-1/2"]
[WhiteElo "1932"]
[BlackElo "2355"]
[Annotator "TA"]
[PlyCount "117"]
[EventDate "2019.06.19"]
[EventType "team-tourn"]
[EventCountry "CHN"]
[SourceTitle "playchess.com"]
[Source "ChessBase"]
[SourceQuality "1"]

{[%evp 15,117,-40,-44,-69,-73,-80,-85,-90,-73,-88,-82,-68,-63,-344,-324,-281,-318,-310,-256,-261,-136,-137,-111,-137,-177,-180,-78,-81,-41,-55,0,0,0,0,12,0,0,0,10,0,0,0,14,0,0,0,0,0,0,0,0,0,8,0,44,36,37,13,39,2,4,0,0,0,0,0,0,0,0,0,0,0,0,0,0,0,0,0,0,0,0,0,0,0,0,0,0,0,0,0,0,0,0,0,0,0,0,0,0,0,0,0,0,0]} 1. d4 Nf6 2. Nf3 e6 3. c4 d5 4. g3 dxc4 5. Qa4+ Nbd7 6. Qxc4 a6 7. Bg2 b5 8. Qc2 Bb7 9. Bd2 {E03: Open Catalan: 5 Qa4+ Nbd7 6 Qxc4} (9. O-O c5 10. Nc3 Rc8 11. dxc5 Bxc5 12. a3 O-O 13. Bg5 Qb6 14. Bxf6 Nxf6 15. e3 a5 16. Rfd1 Rc7 17. Qe2 Ba6 18. Bf1 Ra8 19. Nxb5 Nd5 20. a4 Rac8 21. Nfd4 {1-0 (68) Stupak,K (2537)-Melkumyan,H (2661) Skopje 2019}) 9... c5 10. dxc5 Bxc5 11. O-O {Black is better.} Rc8 {[#] Threatens to win with ...Bxf2+!} 12. Qd1 O-O 13. Bc3 Qe7 14. Ne5 $146 {[%mdl 8192]} (14. Nbd2 $15) ({Predecessor:} 14. Nbd2 Rfd8 15. Ba5 Bb6 16. Bxb6 Nxb6 {0-1 (67) Batista,R (2193)-Quintiliano Pinto,R (2263) Sao Bernardo do Campo 2012}) 14... Bxg2 $19 15. Kxg2 Nxe5 16. Bxe5 Ng4 17. Bf4 Qf6 ({Black should try} 17... e5 $19 18. Bd2 Rfd8) 18. Nc3 $17 Rfd8 19. Qb3 {[#]} e5 $1 20. Ne4 Qc6 (20... Qf5 $19 {and Black stays clearly on top.} 21. Nxc5 exf4) 21. Qf3 exf4 22. Nxc5 Nxh2 (22... Qxc5 $15 23. Qxg4 fxg3 24. hxg3 Qc2) 23. Qxc6 $11 Rxc6 24. Rfd1 {[%cal Rd1d8]} Re8 25. b4 Ng4 26. gxf4 Rg6 {aiming for ...Ne3+.} 27. Rd3 f5 28. Rd2 Rh6 29. Kg1 Rg6 30. Kg2 Ne5+ 31. Kf1 Nc4 32. Rc2 h5 33. e3 h4 34. Ke2 Kf7 35. Rh1 Rh8 36. Rh3 Rhh6 37. a4 Rg1 {The position is equal.} 38. Nxa6 bxa4 39. Nc5 a3 {Hoping for ...Rb1.} 40. Rxc4 {Black must now prevent Rc2.} a2 41. Nb3 Ra6 42. Rc7+ ({Wrong is} 42. Rxh4 $2 Rb1 $19) 42... Kg6 43. b5 Ra3 44. Rc6+ $1 Kh5 45. Ra6 $1 {[%cal Ra6a3]} Rxa6 46. bxa6 a1=Q 47. Nxa1 Rxa1 {[%mdl 4096] Endgame KR-KR} 48. Kf3 Rxa6 49. Rh1 Rg6 50. Rh2 Rg4 51. Rh1 Rg6 52. Rh2 Rg4 53. Rh1 g5 54. fxg5 Kxg5 55. Rh2 Kh5 56. Rh1 Kg5 57. Rh2 Ra4 58. Rg2+ Rg4 59. Rh2 {Accuracy: White = 70%, Black = 68%.} 1/2-1/2

[Event "Chinese Chess League Men 2019"]
[Site "Daqing"]
[Date "2019.06.26"]
[Round "8.5"]
[White "Bai, Jinshi"]
[Black "Bu, Xiangzhi"]
[Result "1/2-1/2"]
[WhiteElo "2606"]
[BlackElo "2729"]
[Annotator "TA"]
[PlyCount "62"]
[EventDate "2019.06.19"]
[EventType "team-tourn"]
[EventCountry "CHN"]
[SourceTitle "playchess.com"]
[Source "ChessBase"]
[SourceQuality "1"]

{[%evp 25,62,0,6,0,0,0,2,0,0,0,5,0,0,0,0,0,0,0,0,0,0,3,8,0,0,0,0,0,0,0,0,0,0,0,0,0,0,-5,0]} 1. d4 d5 2. c4 c6 3. cxd5 cxd5 4. Nf3 Nf6 5. Nc3 Nc6 6. Bf4 Bf5 7. e3 e6 8. Bd3 Bxd3 9. Qxd3 Bd6 10. Bxd6 Qxd6 11. O-O O-O 12. Rfc1 Rfc8 13. h3 h6 {The position is equal.} 14. a3 $146 {D14: Slav Defence: Exchange variation with ...Bf5} (14. Nd2 Nd7 15. Ne2 Ne7 {½-½ (15) Bu,X (2725)-Duda,J (2724) Liaocheng 2018}) ({Predecessor:} 14. Ne2 Ne7 15. a3 Rxc1+ 16. Rxc1 Rc8 17. Rxc8+ Nxc8 18. Qc2 Ne7 19. Ne5 a6 20. Nd3 Nd7 21. Qb3 Qc6 {½-½ (30) Nguyen,V (2445)-Dao,T (2482) Hanoi 2014}) 14... Nd7 15. Ne2 a6 16. Rc3 Ne7 17. Rac1 Rxc3 18. Rxc3 Rc8 19. Rxc8+ Nxc8 20. Qc3 Ne7 21. Ne1 Qc6 22. Nd3 Qxc3 23. Nxc3 $11 {[%mdl 4096] Endgame KNN-KNN} Nc6 24. f4 Kf8 25. Kf2 Ke7 26. g4 Na5 27. a4 Nc4 28. Ke2 Nd6 29. Kf3 Nc4 30. Ke2 Nd6 31. Kf3 Nc4 {Accuracy: White = 61%, Black = 92%.} 1/2-1/2